<?xml version="1.0" encoding="UTF-8"?>
<marc:record xmlns:marc="http://www.loc.gov/MARC21/slim">
   <marc:leader>00000nam a2200000 a 4500</marc:leader>
   <marc:datafield ind1="1" ind2=" " tag="100">
      <marc:subfield code="a">Lantermann, Ernst-Dieter</marc:subfield>
      <marc:subfield code="4">aut</marc:subfield>
      <marc:subfield code="e">Verfasser/-in</marc:subfield>
   </marc:datafield>
   <marc:datafield ind1="0" ind2="0" tag="245">
      <marc:subfield code="a">Die radikalisierte Gesellschaft</marc:subfield>
   </marc:datafield>
   <marc:datafield ind1="0" ind2="0" tag="245">
      <marc:subfield code="b">Von der Logik des Fanatismus</marc:subfield>
   </marc:datafield>
   <marc:datafield ind1=" " ind2="1" tag="264">
      <marc:subfield code="b">Blessing</marc:subfield>
      <marc:subfield code="c">2016</marc:subfield>
   </marc:datafield>
   <marc:datafield ind1="1" ind2=" " tag="520">
      <marc:subfield code="a">Wir werden immer radikaler. Nicht nur in unseren oft verhängnisvollen Reaktionen auf politische Herausforderungen, sondern auch im Alltag: Wir lassen all unsere Energie in die Körper- und Selbstoptimierung fließen, meinen als Veganer die Welt zu retten oder sondern uns als Reiche in Gated Communities von der Gesellschaft ab. Der Sozialpsychologe Ernst-Dieter Lantermann erforscht seit Jahrzehnten, wie sich Menschen in unsicheren Situationen verhalten. Er fragt nach den Wurzeln des allgegenwärtigen Fanatismus - und nach Möglichkeiten, das vielfach bedrohte Selbstwertgefühl zu stärken.</marc:subfield>
   </marc:datafield>
   <marc:datafield ind1=" " ind2=" " tag="020">
      <marc:subfield code="a">9783896675774</marc:subfield>
      <marc:subfield code="9">9783896675774</marc:subfield>
   </marc:datafield>
</marc:record>
